| 000 | 01361nam a22002897a 4500 | ||
|---|---|---|---|
| 003 | OSt | ||
| 005 | 20230123105102.0 | ||
| 007 | cr ||||||a|c|a | ||
| 008 | 221117s2020 mx d|||fom||| 001 0 spa d | ||
| 040 | _erda | ||
| 100 | 1 |
_9185444 _aBenítez Escobar, Karla Angélica |
|
| 245 | 1 |
_aPariendo comunidad: atención al parto, resistencia y salud. _bLa experiencia de las parteras tradicionales en las casas de la mujer indígena y afrodescendiente en Guerrero / _cKarla Angélia Benítez Escobar; director de tesis César Adrián Ramírez Miranda |
|
| 264 | 1 |
_aChapingo, México : _bEl autor, _c2020. |
|
| 300 | _a1 recurso en línea (141 páginas). | ||
| 336 |
_2rdacontent _atexto _btxt |
||
| 337 |
_2rdamedia _acomputadora _bc |
||
| 338 |
_2rdacarrier _arecurso en línea _bcr |
||
| 502 |
_bDCDRR _cCentros Regionales _d2020. _gDOC |
||
| 504 | _aIncluye referencias bibliográficas: páginas 110-129 | ||
| 650 | 4 |
_9185697 _aPartería _zGuerrero |
|
| 650 | 4 |
_9185698 _aMujeres _xSalud e higiene _zGuerrero |
|
| 650 | 4 |
_9185699 _aServicios de salud materna _zGuerrero |
|
| 650 | 4 |
_979372 _aMujer en comunidades rurales _xGuerrero |
|
| 700 | 1 |
_994152 _aRamírez Miranda, César Adrián _eDirector de tesis |
|
| 856 |
_uhttp://10.13.5.2/tesis/td/2020_CR_Benitez_Escobar_KarlaAngelica.pdf _zDESCARGAR PDF |
||
| 942 |
_2Clasificación Universidad Autónoma Chapingo _cTD |
||
| 999 |
_c217828 _d217828 |
||